000 01394nac a22002531u 4500
008 111017s2011 si|||||r|||| 001 0 eng d
010 _a 93003311
020 _a9810687125
020 _a9789810687120
082 0 0 _a620.3
_bRAO
_222
100 _aRao, Singiresu S.
_927543
245 1 0 _aMechanical Vibrations /
_cSingiresu S. Rao, SI Conversion by Yap Fook ah
250 _a5th ed.
260 _aJurong, Singapore :
_bPearson Education South Asia, 2011
_c2011
300 _a1084 p. :
_bill. ;
_c24 cm.
504 _aIncludes bibliographical references and index.
650 0 _aVibration.
_927544
653 _bMec
_cOctober2011
942 _cBB
_k620.3 RAO
_2ddc
999 _c16146
_d16146